| 000 | 00937nmc a2200337 a 4500 | ||
|---|---|---|---|
| 003 | AR-BaBNM | ||
| 005 | 20251128203954.0 | ||
| 008 | 011101s1993 ||||||||||||||000 | spa|| | ||
| 020 | _a950-737-038-1 | ||
| 040 | _cAR-BaBNM | ||
| 100 | 1 | _aAlvarado, Maite | |
| 245 | 1 | 0 |
_aEl lecturón _bla máquina de hacer lectores _n2 |
| 250 | _a4ª ed. | ||
| 260 |
_aBuenos Aires _bCoquena Grupo Editor _c1993 |
||
| 300 |
_a139 p. _bil. |
||
| 490 | 0 | _aLibros del quirquincho | |
| 650 | 4 | _aENSENANZA DE LA LECTURA | |
| 650 | 4 | _aHABITO DE LECTURA | |
| 650 | 4 | _aPROMOCION DE LA LECTURA | |
| 650 | 4 | _aAPTITUD PARA LA LECTURA | |
| 650 | 4 | _aCREATIVIDAD | |
| 650 | 4 | _aLECTURA | |
| 650 | 4 | _aORIENTACION PARA LA LECTURA | |
| 650 | 4 | _aFOMENTO DEL LIBRO | |
| 650 | 4 | _aACTIVIDADES DE LA CLASE | |
| 650 | 4 | _aANTOLOGIAS | |
| 700 | 1 |
_aBombini, Gustavo _ecolaborador |
|
| 700 | 1 |
_aRoldán, Gustavo _eilustrador |
|
| 942 | _cBK | ||
| 998 | _cEthel | ||
| 999 |
_c5659 _d5659 |
||